| 000 | 00830ngm a22003010a 4500 | ||
|---|---|---|---|
| 001 | PT25297 | ||
| 003 | AR-LpoUNG | ||
| 005 | 20210202000352.0 | ||
| 007 | vd cvaizq | ||
| 008 | 191001s2005||||ag |||||||||||||||||spa d | ||
| 040 |
_aAR-LpoUNG _bspa _cAR-LpoUNG _eaacr |
||
| 041 |
_aspa _aeng |
||
| 044 | _aag | ||
| 082 | 0 | _a304.5 587aur | |
| 100 | 1 |
_aBielinsky, Fabian _edir. |
|
| 245 | 1 | 3 | _aEl aura |
| 260 |
_aSan Luis : _bAVH, _c2005. |
||
| 300 | _aDVD (134 min.) : son., col. | ||
| 505 | 0 | _aDíalogo en castellano, subtítulos en ingles, castellano | |
| 520 | _aUn taxidermista que sufre de epilepsia se involucra en una trama de violencia, traición y muerte. | ||
| 650 | 4 | _aARGENTINA | |
| 651 | 4 | _aArgentina | |
| 653 | _aCINE ARGENTINO | ||
| 653 | _aDVD | ||
| 653 | _aVIDEOS | ||
| 905 | _a25297 | ||
| 942 | _cDVD | ||
| 999 |
_c54731 _d54731 |
||